Dilapidations (Record no. 85371)

MARC details
000 -LEADER
fixed length control field 01251cgm a2200289 4500
008 - FIXED-LENGTH DATA ELEMENTS--GENERAL INFORMATION
fixed length control field 090401t1995 xxu||||| |||| 00| 0 eng d
020 ## - INTERNATIONAL STANDARD BOOK NUMBER
International Standard Book Number 189976920X
020 ## - INTERNATIONAL STANDARD BOOK NUMBER
International Standard Book Number 189976920X
035 ## - SYSTEM CONTROL NUMBER
System control number (Sirsi) u89226
041 ## - LANGUAGE CODE
Language code of text/sound track or separate title eng
050 ## - LIBRARY OF CONGRESS CALL NUMBER
Classification number 346.410434
-- 18
100 ## - MAIN ENTRY--PERSONAL NAME
Personal name Hollis, Malcolm
245 ## - TITLE STATEMENT
Title Dilapidations
Remainder of title a CPD study pack.
250 ## - EDITION STATEMENT
Edition statement 2nd ed.
260 ## - PUBLICATION, DISTRIBUTION, ETC.
Place of publication, distribution, etc. Reading
Name of publisher, distributor, etc. College of Estate Management
Date of publication, distribution, etc. 1995
300 ## - PHYSICAL DESCRIPTION
Extent vi, 49p.
Other physical details ill.
Dimensions 30cm. + 1 audio cassette (ca. 60 min.)
350 ## - PRICE (NR) (BK AM CF MU VM SE) [OBSOLETE]
Price 42.89
490 ## - SERIES STATEMENT
Series statement College of Estate Management CPD Study Pack
520 ## - SUMMARY, ETC.
Summary, etc. This study pack provides advice on how to identify and interpret statutory controls affecting the liability for dilapidations and interpreting the obligations imposed by the lease. Also looks at the scope of different repairing covenants as well as describing the format and roles of reports.
520 ## - SUMMARY, ETC.
Summary, etc. Accompanied by the Owlion Audio Programme entitled "Dilapidations 1996" (J4012), which is also available to borrow.
520 ## - SUMMARY, ETC.
Summary, etc. Superseded by third edition (ISBN 1899769676).
650 ## - SUBJECT ADDED ENTRY--TOPICAL TERM
Topical term or geographic name entry element Dilapidations
9 (RLIN) 6235
690 ## - LOCAL SUBJECT ADDED ENTRY--TOPICAL TERM (OCLC, RLIN)
Topical term or geographic name as entry element BUILT ENVIRONMENT-BUILDING INSPECTION
710 ## - ADDED ENTRY--CORPORATE NAME
Corporate name or jurisdiction name as entry element College of Estate Management
9 (RLIN) 400
942 ## - ADDED ENTRY ELEMENTS (KOHA)
Suppress in OPAC 0
948 ## - LOCAL PROCESSING INFORMATION (OCLC); SERIES PART DESIGNATOR (RLIN)
c (OCLC) 23/10/1998
Holdings
Withdrawn status Lost status Source of classification or shelving scheme Damaged status Not for loan Home library Current library Shelving location Date acquired Cost, normal purchase price Total Checkouts Full call number Barcode Date last seen Date last checked out Copy number Cost, replacement price Price effective from Koha item type
    Dewey Decimal Classification     London London Basement 14/09/1999 42.89 23 RESERVE SHELF 322 30057354 06/08/2019 20/06/2003 1 42.89 06/08/2019 Audio